Trzynastu krasnoludów z Hobbita - Statystyki

Ogólne statystyki
  • Ten quiz został rozwiązany 95 razy
  • Średni wynik to 9 z 13
Statystyki odpowiedzi
Krasnoludy % Poprawnych
Thorin II Dębowa Tarcza
93%
Kíli
89%
Fili
83%
Bombur
82%
Balin
74%
Dwalin
72%
Bofur
69%
Gloin
67%
Bifur
65%
Óin
65%
Nori
60%
Ori
57%
Dori
49%
Nie znaleziono quizów pasujących do podanych kryteriów
Rozkład punktacji
Procent ludzi z każdym wynikiem
Percentyl według liczby udzielonych odpowiedzi
Twoja historia wyników
Nie rozwiązałeś tego quizu